| 000 | 01442nam a2200385 i 4500 | ||
|---|---|---|---|
| 001 | 8286 | ||
| 003 | KOSZ 005 | ||
| 005 | 20200508090536.0 | ||
| 008 | 170701s1962 pl f 000 0 pol | ||
| 040 |
_aWA N _cWA N _dKOSZ 005/RW _dKOSZ 005/HR |
||
| 041 | 0 |
_apol _aeng |
|
| 080 | _a621(03)+531/533(03):413 | ||
| 245 | 0 | 0 |
_aSkrócony słownik mechaniczny polsko-angielski = _bConcise Polish-English dictionary of mechanical engineering / _c[red. nauk. S. Czerni, M. Skrzyńska]. |
| 246 | 1 | 5 | _aConcise Polish-English dictionary of mechanical engineering. |
| 250 | _aWyd. 2 | ||
| 260 |
_aWarszawa : _bPaństwowe Wydawnictwa Techniczne, _c1962. |
||
| 300 |
_a[8], 185, [2] s. ; _c21 cm. |
||
| 336 |
_2rdacontent _aTekst _btxt |
||
| 337 |
_2rdamedia _aBez urządzenia pośredniczącego _bn |
||
| 338 |
_2rdacarrier _aWolumin _bnc |
||
| 380 | _aKsiążki | ||
| 380 | _aPublikacje informacyjne | ||
| 388 | _a1901-2000 | ||
| 388 | _a1945-1989 | ||
| 650 | 4 | _aMechanika | |
| 650 | 4 | _aTerminologia | |
| 655 | 4 | _aSłownik polsko-angielski | |
| 655 | 4 | _aSłownik terminologiczny | |
| 658 | _aInżynieria i technika | ||
| 700 |
_aCzerni, Sergiusz _eRedakcja |
||
| 700 |
_aSkrzyńska, Maria _eRedakcja |
||
| 710 | 2 |
_aPaństwowe Wydawnictwa Techniczne _4pbl. |
|
| 856 |
_uhttp://koha.tu.koszalin.pl/cgi-bin/koha/opac-detail.pl?biblionumber=8286 _yKatalog online BPK |
||
| 942 |
_2UKD _cKS |
||
| 999 |
_c8286 _d8286 |
||